Drawings and plans of Frank Lloyd Wright : (Record no. 12415)

000 -LEADER
fixed length control field 00741pam a2200193 a 4500
003 - CONTROL NUMBER IDENTIFIER
control field OSt
005 - DATE AND TIME OF LATEST TRANSACTION
control field 20240116162228.0
008 - FIXED-LENGTH DATA ELEMENTS--GENERAL INFORMATION
fixed length control field 820915r19831910nyua 000 0 eng
020 ## - INTERNATIONAL STANDARD BOOK NUMBER
International Standard Book Number 9780486244570
082 00 - DEWEY DECIMAL CLASSIFICATION NUMBER
Classification number 720.22
Edition number 19
Item number WRI
100 1# - MAIN ENTRY--PERSONAL NAME
Personal name Wright, Frank Lloyd,
Dates associated with a name 1867-1959.
240 10 - UNIFORM TITLE
Uniform title <a href="Ausgeführte Bauten und Entwürfe.">Ausgeführte Bauten und Entwürfe.</a>
Language of a work English
245 10 - TITLE STATEMENT
Title Drawings and plans of Frank Lloyd Wright :
Remainder of title the early period (1893-1909) /
Statement of responsibility, etc by Frank Lloyd Wright.
260 ## - PUBLICATION, DISTRIBUTION, ETC. (IMPRINT)
Place of publication, distribution, etc New York :
Name of publisher, distributor, etc Dover Publications,
Date of publication, distribution, etc c1983.
300 ## - PHYSICAL DESCRIPTION
Extent ca. 100 p. :
Other physical details chiefly ill. ;
Dimensions 35 cm.
500 ## - GENERAL NOTE
General note Originally published as: Ausgeführte Bauten und Entwürfe. Berlin : E. Wasmuth, 1910. German text omitted.
600 10 - SUBJECT ADDED ENTRY--PERSONAL NAME
Personal name Wright, Frank Lloyd,
Dates associated with a name 1867-1959.
942 ## - ADDED ENTRY ELEMENTS (KOHA)
Source of classification or shelving scheme
Holdings
Withdrawn status Lost status Source of classification or shelving scheme Damaged status Koha normalized classification for sorting Not for loan Permanent location Current location Date acquired Source of acquisition Cost, normal purchase price Full call number Barcode Date last seen Cost, replacement price Price effective from Koha item type
        720_220000000000000_WRI   BMS College of Architecture, Design and Planning BMS College of Architecture, Design and Planning 2024-01-16 1 1279.29 720.22 WRI AR-UG3664 2024-01-16 1705.72 2024-01-16 UG Books
Copyright © 2025, The Librarian, Library and Information Centre, BMSCA D&P, Bengaluru. All Rights Reserved
web counter

Powered by Koha